№ 1; Электричество

Bibliographic Details
Parent link:Электричество: теоретический и научно-практический журнал. № 1.— .— Москва: НИУ МЭИ, 1880-.— 0013-5380
Summary:Текстовый файл
AM_Agreement
Language:Russian
Published: 2026
Online Access:https://elibrary.ru/contents.asp?id=88326489
Format: Electronic Book
KOHA link:https://koha.lib.tpu.ru/cgi-bin/koha/opac-detail.pl?biblionumber=685826

MARC

LEADER 00000nam2a2200000 4500
001 685826
005 20260330140925.0
090 |a 685826 
100 |a 20260330d2026 k||y0rusy50 ca 
101 0 |a rus 
102 |a RU 
105 |a a z 001yy 
135 |a drcn ---uucaa 
181 0 |a i   |b  e  
182 0 |a b 
183 0 |a cr  |2 RDAcarrier 
200 0 |a № 1 
203 |a Текст  |c электронный  |b визуальный 
210 |d 2026 
283 |a online_resource  |2 RDAcarrier 
320 |a Библиография в конце статей 
336 |a Текстовый файл 
371 0 |a AM_Agreement 
461 1 |0 379944  |9 379944  |t Электричество  |o теоретический и научно-практический журнал  |c Москва  |n НИУ МЭИ  |d 1880-  |v № 1  |x 0013-5380 
801 0 |a RU  |b 63413507  |c 20260330  |g PSBO 
850 |a 63413507 
856 4 0 |u https://elibrary.ru/contents.asp?id=88326489  |z https://elibrary.ru/contents.asp?id=88326489 
942 |c CF